Normal view
MARC view
Entry Personal Name
001 - CONTROL NUMBER
- control field: 407
003 - CONTROL NUMBER IDENTIFIER
- control field: OSt
005 - DATE AND TIME OF LATEST TRANSACTION
- control field: 20140709143622.0
008 - FIXED-LENGTH DATA ELEMENTS
- fixed length control field: 140709|| aca||aabn | a|a d
040 ## - CATALOGING SOURCE
- Original cataloging agency: OSt
- Transcribing agency: OSt
100 ## - HEADING--PERSONAL NAME
- Personal name: Becker, Gary S.
- Fuller form of name: (Gary Stanley),
- Dates associated with a name: 1930-2014.
670 ## - SOURCE DATA FOUND
- Source citation: Work cat.: (OSt)151: Becker, Gary S. (Gary Stanley), 1930-2014., Human capital :, c1993.
